000 00810cam a2200229 4500
001 ABS63292
008 000000n2000 000 0 eng u
035 _a(Sirsi) u110059
100 _aAkenhead, R
245 _aDo you fancy a beer?
260 _c2000
490 _aBuilding
_v265(8164) 1 December 2000, 61(1)
520 _aBriefly examines the range of dispute resolution methods now available: litigation, arbitration, mediation (statutory or otherwise), conciliation and expert determination.
590 _aABS
650 _aLITIGATION
650 _aMANAGEMENT-DISPUTE AVOIDANCE, MANAGEMENT AND RESOLUTION-DISPUTE MANAGEMENT AND RESOLUTION-ARBITRATION
650 _aMEDIATION
650 _aCONCILIATION
650 _aEXPERT DETERMINATION
690 _aDispute resolution
_96236
942 _n0
999 _c65649
_d65649